[Event "19th EUR-ch"]
[Site "Batumi GEO"]
[Date "2018.03.27"]
[Round "10.134"]
[White "Sargissian, Sargis"]
[Black "Qalichava, Akaki"]
[Result "0-1"]
[WhiteElo "2284"]
[BlackElo "1796"]
[EventDate "2018.03.17"]
[PlyCount "92"]

1.e4 c5 2.Nf3 e6 3.d4 cxd4 4.Nxd4 Nc6 5.Nc3 Qc7 6.Be3 a6 7.Qf3 Nf6 8.O-O-O
Bb4 9.Nxc6 bxc6 10.Bd4 Be7 11.e5 Nd5 12.Nxd5 cxd5 13.h4 a5 14.Qg3 O-O 15.
h5 Ba6 16.h6 g6 17.f4 Rac8 18.Qc3 Bxf1 19.Rhxf1 Qxc3 20.Bxc3 a4 21.Bd4 f5 
22.Rf3 g5 23.Rg3 Kf7 24.Be3 Kg6 25.Bd2 Rc4 26.a3 Rfc8 27.Kb1 Rxc2 28.Bb4 
Bd8 29.fxg5 Re2 30.Bc3 Bc7 31.Rf3 Bxe5 32.Bxe5 Rxe5 33.Rd4 Re4 34.Rd2 Kxg5
35.b3 f4 36.g3 axb3 37.gxf4+ Rxf4 38.Rg2+ Kf5 39.Rxf4+ Kxf4 40.Rg7 d4 41.
Rxd7 e5 42.Rxh7 d3 43.Rd7 Ke3 44.h7 d2 45.Kb2 Ke2 46.Rc7 Rh8 0-1

[Event "19th EUR-ch"]
[Site "Batumi GEO"]
[Date "2018.03.27"]
[Round "10.135"]
[White "Tsvetkov, Andrey"]
[Black "Babukhadia, Levan"]
[Result "1/2-1/2"]
[WhiteElo "2252"]
[BlackElo "1968"]
[EventDate "2018.03.17"]
[PlyCount "159"]

1.d4 Nf6 2.c4 g6 3.Nf3 Bg7 4.e3 O-O 5.Be2 c5 6.d5 d6 7.Nc3 e5 8.dxe6 Bxe6 
9.Ng5 Nc6 10.Nxe6 fxe6 11.O-O Qe7 12.Rb1 Rfd8 13.b3 d5 14.cxd5 exd5 15.Qe1
Kh8 16.Ba3 Ne4 17.Na4 b6 18.Bb2 Bxb2 19.Nxb2 Qg5 20.Nd3 d4 21.f4 Qf6 22.
Bg4 Re8 23.f5 g5 24.Rf3 dxe3 25.Rxe3 Qd4 26.Nf2 Nf6 27.Rxe8+ Rxe8 28.Qd1 
Qe3 29.h4 Ne5 30.Bh5 Rg8 31.Qe2 Qxe2 32.Bxe2 gxh4 33.Rd1 Rg5 34.Rd8+ Kg7 
35.Ra8 a5 36.Ra7+ Kh6 37.Rb7 Ned7 38.Bb5 Rg7 39.Nh3 Rf7 40.Bc4 Rf8 41.Be6 
Rd8 42.Nf2 Kg5 43.a4 Kf4 44.Nd3+ Ke3 45.Nb2 Ne5 46.Rxb6 Rd2 47.Nc4+ Nxc4 
48.Bxc4 Rd1+ 49.Bf1 Ne4 50.Re6 Kf4 51.Rxe4+ Kxe4 52.f6 Rd6 53.f7 Rf6 54.
Bc4 Kf4 55.Kh2 Kg4 56.Be6+ Kg5 57.Bc4 Rf4 58.Kh3 Kg6 59.Bd5 Kg7 60.Be6 Kf8
61.Bc4 Re4 62.Bd5 Rd4 63.Be6 Ke7 64.Bc4 Re4 65.Bd5 Rf4 66.Bc4 Rd4 67.Be6 
Rd6 68.Bc4 Rg6 69.Bd5 Rg5 70.Bc4 Rg3+ 71.Kh2 Re3 72.Bd5 Rg3 73.Bc4 Re3 74.
Bd5 Rc3 75.Be6 Kf8 76.Bd5 Rg3 77.Bc4 Re3 78.Bd5 Rc3 79.Be6 Kg7 80.Bd5 
1/2-1/2

[Event "19th EUR-ch"]
[Site "Batumi GEO"]
[Date "2018.03.27"]
[Round "10.137"]
[White "Soyunlu, Narmin"]
[Black "Kuchava, Ana"]
[Result "1/2-1/2"]
[WhiteElo "2035"]
[BlackElo "2149"]
[EventDate "2018.03.17"]
[PlyCount "116"]

1.d4 d5 2.c4 e6 3.cxd5 exd5 4.Nc3 c6 5.Qc2 Bd6 6.a3 Ne7 7.Bg5 f6 8.Bh4 Bf5
9.Qd2 Ng6 10.Bg3 O-O 11.e3 Be7 12.Bd3 Bxd3 13.Qxd3 Nd7 14.Nge2 Nb6 15.O-O 
Kh8 16.Rfd1 f5 17.Nf4 Nxf4 18.Bxf4 Nc4 19.Rab1 Qd7 20.Ne2 Qe6 21.Bg3 Qe4 
22.Qc3 Bf6 23.a4 Qe7 24.b3 Nd6 25.b4 Ne4 26.Qb3 a6 27.Nf4 Nd6 28.Nd3 Nc4 
29.Nb2 b5 30.Nd3 g5 31.Rbc1 Rac8 32.Re1 Bg7 33.Kh1 Rf6 34.Nc5 Qf7 35.f3 
Rh6 36.Nd3 Re8 37.Nc5 Nxe3 38.Rxe3 Rxe3 39.Qxe3 f4 40.Bxf4 gxf4 41.Qd2 
bxa4 42.Re1 Kg8 43.h3 a3 44.Ra1 Qf6 45.Nb3 Qf5 46.Rxa3 Re6 47.Nc5 Re8 48.
Rxa6 h5 49.Ra1 Re3 50.Rd1 h4 51.Qf2 Qg5 52.Kh2 Bxd4 53.Rxd4 Qg3+ 54.Kg1 
Re1+ 55.Qf1 Rxf1+ 56.Kxf1 Qg6 57.Nd3 Qf6 58.Rxf4 Qa1+ 1/2-1/2

[Event "19th EUR-ch"]
[Site "Batumi GEO"]
[Date "2018.03.27"]
[Round "10.138"]
[White "Asatrian, Gor"]
[Black "Gebigke, Martin"]
[Result "1-0"]
[WhiteElo "1852"]
[BlackElo "2132"]
[EventDate "2018.03.17"]
[PlyCount "55"]

1.e4 c5 2.Nf3 d6 3.d4 cxd4 4.Nxd4 Nf6 5.Nc3 a6 6.Bg5 Nbd7 7.Bc4 Qb6 8.Qd2 
e6 9.O-O-O Be7 10.f4 h6 11.Bxf6 Bxf6 12.Rhe1 O-O 13.Nf3 Qb4 14.Bb3 Rd8 15.
Qxd6 Nc5 16.Qc7 Bd7 17.a3 Nxb3+ 18.cxb3 Qf8 19.Rxd7 Bxc3 20.bxc3 Qxa3+ 21.
Kc2 Rdc8 22.Qb6 Qa2+ 23.Kd3 Qxg2 24.Ne5 Qb2 25.Qd4 Rf8 26.Rg1 g5 27.fxg5 
h5 28.Ng6 1-0

[Event "19th EUR-ch"]
[Site "Batumi GEO"]
[Date "2018.03.27"]
[Round "10.139"]
[White "Trisha, Kanyamarala"]
[Black "Samadov, Read"]
[Result "1/2-1/2"]
[WhiteElo "1956"]
[BlackElo "2099"]
[EventDate "2018.03.17"]
[PlyCount "121"]

1.Nf3 Nf6 2.c4 g6 3.b4 Bg7 4.Bb2 O-O 5.g3 b6 6.Bg2 Bb7 7.O-O d6 8.d3 Nbd7 
9.Nc3 e5 10.Qb3 a5 11.a3 Qe7 12.e3 c5 13.bxa5 Rxa5 14.Rfe1 Rb8 15.Nd2 Qe6 
16.Nb5 Ne8 17.Bxb7 Rxb7 18.d4 Nc7 19.d5 Qe7 20.a4 f5 21.f3 Nf6 22.Bc3 Ra8 
23.Nxc7 Qxc7 24.Rab1 Nd7 25.Ra1 Rba7 26.Bb2 Ra5 27.Nb1 e4 28.Bxg7 Kxg7 29.
fxe4 fxe4 30.Nc3 Ne5 31.Kg2 Qd7 32.Rf1 Re8 33.h3 Qe7 34.Rf4 Raa8 35.Nxe4 
g5 36.Rf5 Nxc4 37.Qc3+ Ne5 38.Rxg5+ Kh8 39.h4 Qf7 40.Kh3 Qxd5 41.Nf2 Qe6+ 
42.Kg2 Rg8 43.Rxg8+ Rxg8 44.e4 Rf8 45.Rd1 Rf3 46.Rd3 Rf6 47.Rd2 Qe8 48.Qa1
Qh5 49.Qc3 Qf7 50.Nd3 Nxd3 51.Rxd3 Kg8 52.Rd2 Qe6 53.Qe3 Kf7 54.Re2 Qc4 
55.Qd2 Qb3 56.Re3 Qc4 57.Re2 Qb3 58.Re3 Qe6 59.Qd3 Qa2+ 60.Re2 Qe6 61.Re3 
1/2-1/2

[Event "19th EUR-ch"]
[Site "Batumi GEO"]
[Date "2018.03.27"]
[Round "10.140"]
[White "Naqopia, Giorgi"]
[Black "Grinev, Boris"]
[Result "1-0"]
[WhiteElo "1849"]
[BlackElo "2092"]
[EventDate "2018.03.17"]
[PlyCount "79"]

1.e4 c5 2.Nf3 Nc6 3.d4 cxd4 4.Nxd4 e5 5.Nb5 a6 6.N5a3 Nf6 7.Nc3 Bb4 8.Bd3 
d5 9.exd5 Nxd5 10.Nb1 Be6 11.O-O O-O 12.Nxd5 Qxd5 13.a3 Be7 14.Nc3 Qa5 15.
Bd2 Qc7 16.Re1 f5 17.Qe2 b5 18.a4 Bd6 19.axb5 Nd4 20.Qf1 e4 21.Nxe4 Bxh2+ 
22.Kh1 fxe4 23.Rxe4 Be5 24.b6 Qd6 25.b7 Ra7 26.Qe1 Rf5 27.f4 Rh5+ 28.Kg1 
Rxb7 29.Rxa6 Nxc2 30.Rxd6 Nxe1 31.Rd8+ Kf7 32.Be2 Bc7 33.Bxh5+ g6 34.Rh8 
Nxg2 35.Rxh7+ Kg8 36.Bxg6 Bb6+ 37.Kxg2 Bd5 38.Rxb7 Bxb7 39.Kg3 Bxe4 40.
Bxe4 1-0

[Event "19th EUR-ch"]
[Site "Batumi GEO"]
[Date "2018.03.27"]
[Round "10.141"]
[White "Shamatava, Nikolozi"]
[Black "Day, Thomas W."]
[Result "1-0"]
[WhiteElo "1570"]
[BlackElo "2083"]
[EventDate "2018.03.17"]
[PlyCount "73"]

1.d4 e6 2.Nf3 Nf6 3.g3 c5 4.Bg2 d5 5.O-O Nc6 6.b3 Qb6 7.Bb2 cxd4 8.Nxd4 
Bc5 9.e3 Bd7 10.Nxc6 Bxc6 11.Nd2 O-O-O 12.Nf3 Rhg8 13.Ne5 Be8 14.Qf3 Ne4 
15.Rfd1 f6 16.Nd3 Kb8 17.Nxc5 Qxc5 18.c4 Bc6 19.cxd5 Bxd5 20.Rac1 Qe7 21.
Qf4+ e5 22.Qg4 h5 23.Qg6 Qb4 24.Rxd5 Rxd5 25.Qf7 Rdd8 26.a3 Qb6 27.Bxe4 h4
28.b4 hxg3 29.hxg3 Rdf8 30.Qb3 a6 31.a4 Rd8 32.b5 Rh8 33.Ba3 f5 34.Bc5 Qh6
35.Bxb7 Qh2+ 36.Kf1 Rd2 37.Bg2 1-0

[Event "19th EUR-ch"]
[Site "Batumi GEO"]
[Date "2018.03.27"]
[Round "10.142"]
[White "Henseler, Jorgen"]
[Black "Suleymanli, Suleyman"]
[Result "1/2-1/2"]
[WhiteElo "2043"]
[BlackElo "1763"]
[EventDate "2018.03.17"]
[PlyCount "72"]

1.e4 e6 2.d4 d5 3.Nc3 Nf6 4.Bg5 Be7 5.e5 Nfd7 6.h4 h6 7.Bxe7 Qxe7 8.f4 a6 
9.Nf3 c5 10.dxc5 Nc6 11.Bd3 Nxc5 12.Qd2 b5 13.O-O-O b4 14.Ne2 a5 15.Ned4 
Nxd4 16.Nxd4 Ba6 17.Kb1 O-O 18.g4 Nxd3 19.cxd3 Rac8 20.h5 a4 21.g5 Kh7 22.
gxh6 gxh6 23.Rhg1 b3 24.a3 Rg8 25.f5 Rxg1 26.Rxg1 Rg8 27.Rxg8 Kxg8 28.f6 
Qf8 29.Ne2 Kh7 30.Nc1 Qc8 31.Qg2 Qg8 32.Qd2 Qc8 33.Qd1 Qc5 34.d4 Qc8 35.
Ne2 Bxe2 36.Qxe2 Qg8 1/2-1/2

[Event "19th EUR-ch"]
[Site "Batumi GEO"]
[Date "2018.03.27"]
[Round "10.143"]
[White "Morozov, Vitalij"]
[Black "Lomaia, Diana"]
[Result "1-0"]
[WhiteElo "2039"]
[BlackElo "1742"]
[EventDate "2018.03.17"]
[PlyCount "89"]

1.e4 c5 2.Nc3 d6 3.g3 Nc6 4.Bg2 g6 5.d3 Bg7 6.Be3 e6 7.Qd2 Nge7 8.Bh6 O-O 
9.h4 Nd4 10.Bxg7 Kxg7 11.h5 Ng8 12.f4 f5 13.Nge2 Nf6 14.hxg6 hxg6 15.Nxd4 
cxd4 16.Ne2 Qb6 17.c3 Bd7 18.Nxd4 Rh8 19.O-O-O a5 20.Rde1 Rxh1 21.Bxh1 Re8
22.e5 dxe5 23.fxe5 Ng4 24.Bf3 Nh6 25.Rh1 Nf7 26.Qe3 Qc7 27.Re1 Rh8 28.g4 
Kf8 29.gxf5 gxf5 30.Bd1 Bc8 31.Bb3 Qe7 32.Rg1 Rg8 33.Rxg8+ Kxg8 34.Qg3+ 
Qg5+ 35.Qxg5+ Nxg5 36.Nxf5 Bd7 37.Nd6 b5 38.a3 a4 39.Ba2 Kg7 40.d4 Bc6 41.
Bb1 Nf7 42.Nc8 Bd5 43.Bd3 Bc4 44.Bxc4 bxc4 45.Nb6 1-0

[Event "19th EUR-ch"]
[Site "Batumi GEO"]
[Date "2018.03.27"]
[Round "10.144"]
[White "Vardanian, Hamazasp"]
[Black "Orujov, Farid"]
[Result "1-0"]
[WhiteElo "2109"]
[BlackElo "1770"]
[EventDate "2018.03.17"]
[PlyCount "121"]

1.e4 c5 2.Nf3 Nc6 3.d4 cxd4 4.Nxd4 d6 5.c4 g6 6.Nc3 Bg7 7.Nc2 Nf6 8.Be2 
O-O 9.O-O Be6 10.Rb1 Rc8 11.b3 a6 12.Bb2 Qa5 13.Ne3 Ng4 14.Ned5 Nf6 15.Qd2
Bxd5 16.exd5 Ne5 17.f4 Ned7 18.Qe3 Qc5 19.Qxc5 Nxc5 20.Rfe1 Rc7 21.Bf1 Ng4
22.Nd1 Bxb2 23.Rxb2 f5 24.Nc3 Nf6 25.Kf2 Nce4+ 26.Nxe4 Nxe4+ 27.Ke3 Rfc8 
28.Kd4 Kf7 29.g4 Kf6 30.Bh3 b5 31.gxf5 gxf5 32.Rxe4 fxe4 33.Bxc8 Rxc8 34.
Kxe4 bxc4 35.Rc2 c3 36.Kd4 Kf5 37.Rxc3 Rg8 38.Rc6 Kxf4 39.Rxa6 Rg2 40.a4 
Rxh2 41.Ra8 h5 42.Rh8 h4 43.a5 h3 44.b4 Rh1 45.Kc4 h2 46.Kb5 Ke4 47.Rh5 
Ra1 48.Rxh2 Kxd5 49.Rd2+ Ke4 50.Re2+ Kd4 51.Rxe7 Kc3 52.Rc7+ Kb3 53.a6 d5 
54.a7 d4 55.Rd7 Kc3 56.Kc5 d3 57.b5 Ra5 58.Kb6 Ra1 59.Kb7 d2 60.a8=Q Rxa8 
61.Kxa8 1-0

[Event "19th EUR-ch"]
[Site "Batumi GEO"]
[Date "2018.03.27"]
[Round "10.145"]
[White "Janiashvili, Mariami"]
[Black "Martsvalashvili, Ruzvelt"]
[Result "1-0"]
[WhiteElo "1987"]
[BlackElo "1671"]
[EventDate "2018.03.17"]
[PlyCount "119"]

1.d4 Nf6 2.c4 g6 3.f3 Nh5 4.e4 e5 5.Be3 exd4 6.Bxd4 Bg7 7.Bxg7 Nxg7 8.Bd3 
O-O 9.Ne2 c6 10.Nbc3 d6 11.Qd2 Nd7 12.O-O Ne5 13.b3 Nxd3 14.Qxd3 Qc7 15.
Rad1 Ne8 16.Ng3 h5 17.f4 h4 18.Nge2 f5 19.Nd4 Ng7 20.Kh1 fxe4 21.Nxe4 Bg4 
22.Ng5 Rf6 23.Rde1 Qd7 24.Ne4 Rff8 25.Qc3 Rae8 26.Nf3 Qd8 27.Nfg5 Bf5 28.
Qd4 Bxe4 29.Nxe4 Re6 30.Ng5 Ref6 31.Re4 Qb6 32.Qxb6 axb6 33.g3 hxg3 34.
hxg3 Nf5 35.Kg2 d5 36.cxd5 cxd5 37.Re5 d4 38.Rf2 Ne3+ 39.Kf3 Rf5 40.Rxf5 
Rxf5 41.Rd2 Rd5 42.Ke4 Rd6 43.Rxd4 Rxd4+ 44.Kxd4 Nf5+ 45.Kc4 Nxg3 46.Kb5 
Ne2 47.Kxb6 Nc1 48.a3 Nxb3 49.Kxb7 Kg7 50.Ne4 Na5+ 51.Ka6 Nc4 52.a4 Nb2 
53.a5 Nc4 54.Kb5 Nxa5 55.Kxa5 Kf7 56.Kb4 Ke6 57.Ng3 Kd5 58.Kc3 Kc5 59.Kd3 
Kd5 60.Ke3 1-0

[Event "19th EUR-ch"]
[Site "Batumi GEO"]
[Date "2018.03.27"]
[Round "10.146"]
[White "Pipia, Ekaterine"]
[Black "Ahadzade, Kanan"]
[Result "0-1"]
[WhiteElo "1737"]
[BlackElo "1965"]
[EventDate "2018.03.17"]
[PlyCount "118"]

1.d4 Nf6 2.c4 e6 3.Nf3 d5 4.Nc3 Be7 5.Bg5 O-O 6.e3 h6 7.Bh4 b6 8.Bd3 Bb7 
9.O-O c5 10.Bg3 Nc6 11.dxc5 bxc5 12.Qe2 Nb4 13.cxd5 exd5 14.Rfd1 Qa5 15.
Bf5 Rfd8 16.a3 Nc6 17.b4 cxb4 18.axb4 Qxb4 19.Rab1 Qxc3 20.Rdc1 Qa3 21.Ra1
Qb3 22.Rab1 Qa4 23.Ra1 Ba3 24.Rc3 Ne4 25.Rcxa3 Nxg3 26.hxg3 Qb4 27.Bc2 Qd6
28.Qd3 g6 29.Ba4 Ne5 30.Nxe5 Qxe5 31.Qd4 Qxd4 32.exd4 Rac8 33.Bb5 a6 34.
Bxa6 Bxa6 35.Rxa6 Kg7 36.Kf1 Rc4 37.R6a4 Rdc8 38.Rxc4 Rxc4 39.Rd1 Kf6 40.
Ke2 Kf5 41.Ke3 Ra4 42.Rd3 h5 43.Rd1 Ra3+ 44.Rd3 Rxd3+ 45.Kxd3 g5 46.Ke3 h4
47.gxh4 gxh4 48.Kf3 Kg5 49.Ke3 Kg4 50.Kd3 Kf4 51.Kd2 Ke4 52.Ke2 Kxd4 53.
Kd2 f5 54.f3 f4 55.Ke2 Kc3 56.Kd1 Kd3 57.Ke1 Ke3 58.Kf1 d4 59.Ke1 d3 0-1

[Event "19th EUR-ch"]
[Site "Batumi GEO"]
[Date "2018.03.27"]
[Round "10.147"]
[White "Tsotsonava, Elene"]
[Black "Valiyev, Shahin"]
[Result "1-0"]
[WhiteElo "1789"]
[BlackElo "1634"]
[EventDate "2018.03.17"]
[PlyCount "91"]

1.e4 c5 2.Nf3 d6 3.d4 cxd4 4.Nxd4 Nf6 5.Nc3 g6 6.g3 Bg7 7.Bg2 O-O 8.O-O 
Bg4 9.f3 Bd7 10.Be3 Nc6 11.Nde2 Rc8 12.a4 b6 13.Nd5 Nxd5 14.exd5 Ne5 15.
Bd4 h5 16.b3 Bf5 17.c4 Qd7 18.Ra2 f6 19.Nc3 Rb8 20.a5 Bh3 21.axb6 axb6 22.
Nb5 Bxg2 23.Kxg2 Rb7 24.Qe2 Kh7 25.Ra6 Rfb8 26.f4 Nf7 27.Bf2 f5 28.Bd4 Bf8
29.Re1 Nd8 30.Qe3 Bh6 31.Bxb6 Bg7 32.Ra7 Rxa7 33.Bxa7 Rxb5 34.cxb5 Qxb5 
35.Rd1 Bf6 36.Qd3 Qb7 37.Bf2 Ne6 38.Qc4 Nc5 39.b4 Ne4 40.Be3 e6 41.b5 Qa8 
42.b6 Nc3 43.Qc7+ Kh6 44.b7 Qa6 45.Bf2 Bd8 46.Qxc3 1-0

[Event "19th EUR-ch"]
[Site "Batumi GEO"]
[Date "2018.03.28"]
[Round "11.1"]
[White "Siugirov, Sanan"]
[Black "Wojtaszek, Radoslaw"]
[Result "1/2-1/2"]
[WhiteElo "2652"]
[BlackElo "2738"]
[EventDate "2018.03.17"]
[PlyCount "95"]

1.e4 c5 2.Nf3 d6 3.d4 cxd4 4.Nxd4 Nf6 5.Nc3 a6 6.Be3 e5 7.Nf3 Be7 8.Bc4 
O-O 9.O-O Be6 10.Bb3 Qc7 11.Nh4 g6 12.Nf3 Re8 13.Ng5 Bc4 14.Re1 Nbd7 15.a4
Qc6 16.Bxc4 Qxc4 17.a5 Qc6 18.Qd3 Rac8 19.Nf3 Qc4 20.Nd2 Qe6 21.b3 Nc5 22.
Bxc5 dxc5 23.Qc4 Qc6 24.Nf3 Qc7 25.Nd1 Red8 26.Nb2 Ne8 27.Qe2 Nd6 28.Nc4 
Nxc4 29.Qxc4 Bf6 30.g3 Rd6 31.Red1 Rcd8 32.Rxd6 Qxd6 33.Kg2 h5 34.h4 Qc6 
35.Qe2 Qd6 36.Ra4 Be7 37.Qe1 f6 38.Qe2 Kf7 39.Ra1 Bf8 40.Qe3 Rd7 41.Qc3 
Qc6 42.Qc4+ Qe6 43.Qe2 c4 44.bxc4 Bb4 45.Ra4 Bc5 46.Ra1 Bb4 47.Ra4 Bc5 48.
Ra1 1/2-1/2

[Event "19th EUR-ch"]
[Site "Batumi GEO"]
[Date "2018.03.28"]
[Round "11.2"]
[White "Saric, Ivan"]
[Black "Navara, David"]
[Result "1-0"]
[WhiteElo "2657"]
[BlackElo "2737"]
[EventDate "2018.03.17"]
[PlyCount "133"]

1.e4 c5 2.Nf3 g6 3.d4 cxd4 4.Nxd4 Bg7 5.c4 Nc6 6.Be3 Nf6 7.Nc3 Ng4 8.Qxg4 
Nxd4 9.Qd1 e5 10.Bd3 d6 11.O-O O-O 12.a4 Be6 13.a5 Qd7 14.Qa4 Qxa4 15.Rxa4
Rfc8 16.Nd5 Bxd5 17.exd5 Re8 18.Re1 f5 19.Kf1 Kf7 20.b4 Rac8 21.Rc1 e4 22.
Be2 Be5 23.g3 Rc7 24.c5 Rec8 25.Bxd4 Bxd4 26.c6 bxc6 27.b5 c5 28.b6 axb6 
29.axb6 Rb7 30.Rxd4 cxd4 31.Rxc8 Rxb6 32.Ke1 g5 33.Bd1 Rb1 34.g4 fxg4 35.
Rc4 Kf6 36.Rxd4 Ke5 37.Ra4 h5 38.Kd2 Kxd5 39.Bc2 Rg1 40.Ra5+ Kd4 41.Bb3 
e3+ 42.fxe3+ Ke4 43.Bc2+ Kf3 44.Rf5+ Kg2 45.Rxg5 Kxh2 46.Rxh5+ Kg3 47.Bd1 
Rg2+ 48.Be2 Rf2 49.Ke1 Rg2 50.Rd5 Rg1+ 51.Kd2 Ra1 52.Rd4 Ra2+ 53.Ke1 Ra1+ 
54.Bd1 Kh3 55.Rxd6 g3 56.Kf1 g2+ 57.Kg1 Rb1 58.Rd2 Rc1 59.e4 Kg3 60.e5 Rc6
61.Rd4 Rc5 62.Rg4+ Kh3 63.Re4 Rc3 64.e6 Rd3 65.Re1 Rd4 66.e7 Rh4 67.Re3# 
1-0

[Event "19th EUR-ch"]
[Site "Batumi GEO"]
[Date "2018.03.28"]
[Round "11.3"]
[White "McShane, Luke"]
[Black "Matlakov, Maxim"]
[Result "1/2-1/2"]
[WhiteElo "2647"]
[BlackElo "2707"]
[EventDate "2018.03.17"]
[PlyCount "54"]

1.e4 e5 2.Nf3 Nc6 3.Bc4 Bc5 4.c3 Nf6 5.d4 exd4 6.cxd4 Bb4+ 7.Bd2 Nxe4 8.
Bxb4 Nxb4 9.Bxf7+ Kxf7 10.Qb3+ Kf8 11.Qxb4+ Qe7 12.Qxe7+ Kxe7 13.O-O Kd8 
14.Re1 Nf6 15.Nc3 d6 16.Ng5 Rf8 17.f3 a5 18.Kf2 a4 19.Ne6+ Bxe6 20.Rxe6 
Kd7 21.Re2 Ra5 22.Rae1 Rf7 23.h3 h5 24.h4 Ng4+ 25.Kg1 Nf6 26.Kf2 Ng4+ 27.
Kg1 Nf6 1/2-1/2

[Event "19th EUR-ch"]
[Site "Batumi GEO"]
[Date "2018.03.28"]
[Round "11.6"]
[White "Cheparinov, Ivan"]
[Black "Pashikian, Arman"]
[Result "1/2-1/2"]
[WhiteElo "2693"]
[BlackElo "2585"]
[EventDate "2018.03.17"]
[PlyCount "151"]

1.e4 e5 2.Nf3 Nc6 3.d4 exd4 4.Nxd4 Bc5 5.Nb3 Bb6 6.Nc3 Nf6 7.Qe2 O-O 8.Bg5
h6 9.Bh4 a5 10.a4 Nd4 11.Qd3 Nxb3 12.cxb3 c6 13.O-O-O d5 14.exd5 cxd5 15.
Qc2 Be6 16.Nxd5 Bxd5 17.Bxf6 Qxf6 18.Rxd5 Qxf2 19.Bc4 Be3+ 20.Kb1 Qxc2+ 
21.Kxc2 b6 22.Rd7 Rad8 23.Bxf7+ Kh7 24.Rhd1 Rxd7 25.Rxd7 Bc5 26.Kd3 Rc8 
27.h4 Rc6 28.Ke4 Rd6 29.Rb7 h5 30.Bxh5 Rd4+ 31.Kf5 Kh6 32.Bf3 g6+ 33.Ke5 
Rxh4 34.Be4 Rh5+ 35.Ke6 Rh1 36.Rc7 Rh4 37.Bd5 Bg1 38.Rc6 Rf4 39.Rc1 Bd4 
40.Rc2 Rf6+ 41.Kd7 Rf2 42.Rc4 Be3 43.Rc6 Rd2 44.Ke6 Bc5 45.b4 Bxb4 46.Rxb6
Rxb2 47.Kf7 Kg5 48.Rxg6+ Kf4 49.Bc6 Rb3 50.Rf6+ Kg3 51.Ke6 Rc3 52.Kd7 Rc5 
53.Rg6+ Kh4 54.Bf3 Rg5 55.Rh6+ Kg3 56.Ke6 Kf4 57.Rf6+ Kg3 58.Bd5 Kh2 59.
Rh6+ Kg1 60.Rh3 Kf2 61.Rf3+ Kg1 62.Rf4 Kh2 63.Rd4 Kg3 64.Rd3+ Kh2 65.Kf6 
Rg3 66.Rd1 Ra3 67.g4 Rxa4 68.Kf5 Bc3 69.g5 Rd4 70.Rh1+ Kg3 71.Be6 Rf4+ 72.
Kg6 Rf3 73.Kh7 Re3 74.Bf7 Kg4 75.g6 Rh3+ 76.Rxh3 1/2-1/2

[Event "19th EUR-ch"]
[Site "Batumi GEO"]
[Date "2018.03.28"]
[Round "11.7"]
[White "Fridman, Daniel"]
[Black "Nabaty, Tamir"]
[Result "1/2-1/2"]
[WhiteElo "2637"]
[BlackElo "2690"]
[EventDate "2018.03.17"]
[PlyCount "180"]

1.d4 d5 2.c4 e6 3.Nf3 Nf6 4.g3 dxc4 5.Bg2 Nc6 6.Qa4 Nd7 7.Qxc4 Nb6 8.Qb5 
a6 9.Qd3 e5 10.Nxe5 Nb4 11.Qc3 Qxd4 12.Qxd4 Nc2+ 13.Kd1 Nxd4 14.Be3 Nb5 
15.Bxb6 cxb6 16.Nd2 Nd6 17.e3 Be6 18.Nef3 O-O-O 19.Nd4 Bg4+ 20.Bf3 Bd7 21.
Ke2 g6 22.Rhc1+ Kb8 23.Nc4 Nxc4 24.Rxc4 Bg7 25.Rac1 Be5 26.Rd1 Rhe8 27.Rc2
Bh3 28.Rcd2 Rd6 29.Bh1 Rc8 30.Nf3 Rxd2+ 31.Rxd2 Bf6 32.Nd4 Rc1 33.Bd5 Bf1+
34.Kf3 Rc7 35.Kf4 Bg7 36.g4 Bc4 37.Bxc4 Rxc4 38.Ke4 Bxd4 39.exd4 Kc7 40.
Rd3 Kd6 41.Rf3 Ke7 42.Rc3 Rc6 43.d5 Rc5 44.a4 Ra5 45.b3 b5 46.Rc5 Kd6 47.
Kd4 g5 48.h3 f6 49.f3 h6 50.axb5 axb5 51.b4 Ra3 52.Ke4 Ra1 53.Rxb5 Re1+ 
54.Kd3 Kc7 55.Kd2 Re8 56.Rc5+ Kd6 57.Rb5 Kc7 58.Rc5+ Kd6 59.Kd3 Re1 60.Rb5
Kc7 61.Ra5 Rb1 62.Rc5+ Kd6 63.Rb5 Kc7 64.d6+ Kc6 65.Kc2 Rh1 66.Rf5 Rxh3 
67.Rxf6 h5 68.b5+ Kd7 69.gxh5 Rxh5 70.Kd3 Rh4 71.Rg6 Rf4 72.Ke3 Rf5 73.
Rg7+ Kxd6 74.Rxb7 Kc5 75.Rb8 Rf7 76.Rg8 Rf5 77.Ke4 Rf4+ 78.Ke3 Rf5 79.Rb8 
Rf7 80.Ke4 Rf4+ 81.Ke3 Rf7 82.b6 Rf5 83.Ke4 Rf4+ 84.Ke3 Rf5 85.Rg8 Kxb6 
86.Kf2 Kc7 87.Kg3 Kd7 88.Rg6 Ke7 89.Kg4 Rf4+ 90.Kxg5 Rxf3 1/2-1/2

[Event "19th EUR-ch"]
[Site "Batumi GEO"]
[Date "2018.03.28"]
[Round "11.9"]
[White "Melkumian, Hrant"]
[Black "Bok, Benjamin"]
[Result "1/2-1/2"]
[WhiteElo "2664"]
[BlackElo "2622"]
[EventDate "2018.03.17"]
[PlyCount "38"]

1.Nf3 d5 2.d4 Nf6 3.c4 e6 4.Nc3 c6 5.Bg5 h6 6.Bxf6 Qxf6 7.Qb3 dxc4 8.Qxc4 
Nd7 9.Rd1 g6 10.e3 Bg7 11.Be2 Qe7 12.O-O O-O 13.Qb3 Rd8 14.Rfe1 b6 15.Nd2 
Bb7 16.Bf3 Rab8 17.Nc4 Ba8 18.g3 Rdc8 19.Bg2 b5 1/2-1/2

[Event "19th EUR-ch"]
[Site "Batumi GEO"]
[Date "2018.03.28"]
[Round "11.10"]
[White "Hovhannisyan, Robert"]
[Black "Anton Guijarro, David"]
[Result "1/2-1/2"]
[WhiteElo "2601"]
[BlackElo "2647"]
[EventDate "2018.03.17"]
[PlyCount "24"]

1.e4 e5 2.Nf3 Nc6 3.Nc3 Nf6 4.d4 exd4 5.Nxd4 Bb4 6.Nxc6 bxc6 7.Bd3 O-O 8.
O-O d5 9.Qf3 Bxc3 10.bxc3 dxe4 11.Bxe4 Nxe4 12.Qxe4 Qd5 1/2-1/2

[Event "19th EUR-ch"]
[Site "Batumi GEO"]
[Date "2018.03.28"]
[Round "11.12"]
[White "Santos Ruiz, Miguel"]
[Black "Parligras, Mircea-Emilian"]
[Result "1/2-1/2"]
[WhiteElo "2488"]
[BlackElo "2642"]
[EventDate "2018.03.17"]
[PlyCount "51"]

1.d4 Nf6 2.c4 e6 3.Nc3 d5 4.cxd5 exd5 5.Bg5 c6 6.e3 Nbd7 7.Bd3 Be7 8.Qc2 
Nh5 9.Bxe7 Qxe7 10.Nge2 g6 11.O-O O-O 12.Rab1 Nb6 13.b4 a6 14.a4 Be6 15.a5
Nc8 16.f3 Nd6 17.e4 dxe4 18.fxe4 f5 19.exf5 Nxf5 20.Qd2 Rad8 21.d5 cxd5 
22.Bxf5 Bxf5 23.Nxd5 Qe5 24.Rbd1 Nf6 25.Nxf6+ Qxf6 26.Nd4 1/2-1/2

[Event "19th EUR-ch"]
[Site "Batumi GEO"]
[Date "2018.03.28"]
[Round "11.13"]
[White "Yakovenko, Dmitry"]
[Black "Abasov, Nijat"]
[Result "0-1"]
[WhiteElo "2746"]
[BlackElo "2608"]
[EventDate "2018.03.17"]
[PlyCount "120"]

1.Nf3 c5 2.e3 Nf6 3.d4 d5 4.Nbd2 cxd4 5.exd4 Nc6 6.c3 Qc7 7.Bd3 Bg4 8.Qa4 
e6 9.Ne5 Bd6 10.Nxg4 Nxg4 11.Nf3 O-O 12.Bg5 h6 13.Bh4 f5 14.h3 Nf6 15.Bxf6
Rxf6 16.O-O-O a6 17.Kb1 Rb8 18.Rhe1 b5 19.Qc2 b4 20.Re2 Qa5 21.cxb4 Nxb4 
22.Qb3 Nc6 23.Qc2 Nb4 24.Qb3 Rf7 25.Bc2 Rc7 26.Qa4 Qb6 27.Bb3 Kf7 28.g3 
Rbc8 29.Re3 f4 30.gxf4 Bxf4 31.Ree1 Nd3 32.Ne5+ Nxe5 33.dxe5 g5 34.h4 Qc6 
35.Qxc6 Rxc6 36.hxg5 hxg5 37.a3 Kg6 38.Ba4 R6c7 39.Ka2 Kf5 40.Re2 Rc1 41.
b4 Rxd1 42.Bxd1 Bxe5 43.Bc2+ Kf4 44.Bg6 Rc3 45.a4 Rc4 46.Kb3 Rc3+ 47.Ka2 
Rc6 48.Kb3 Bd4 49.Bf7 Kf5 50.b5 Rd6 51.Rd2 Ba7 52.Kb4 axb5 53.a5 d4 54.
Kxb5 e5 55.f3 Kf4 56.Rc2 d3 57.Rc7 Be3 58.Bb3 Kxf3 59.Rf7+ Ke2 60.Re7 d2 
0-1

[Event "19th EUR-ch"]
[Site "Batumi GEO"]
[Date "2018.03.28"]
[Round "11.14"]
[White "Alekseev, Evgeny"]
[Black "Mamedov, Rauf"]
[Result "0-1"]
[WhiteElo "2617"]
[BlackElo "2709"]
[EventDate "2018.03.17"]
[PlyCount "72"]

1.e4 g6 2.d4 Bg7 3.Nf3 d6 4.Bd3 Nf6 5.O-O O-O 6.Re1 c6 7.h3 Nbd7 8.c3 e5 
9.Be3 Qc7 10.Nbd2 b6 11.a4 Bb7 12.dxe5 dxe5 13.Qc2 Nh5 14.Red1 Nf4 15.Bf1 
Rad8 16.b4 c5 17.b5 Nf6 18.a5 Rd7 19.Re1 Rfd8 20.axb6 axb6 21.Bxf4 exf4 
22.e5 Nd5 23.Nc4 Qb8 24.Rad1 Nc7 25.Rxd7 Rxd7 26.Nxb6 Re7 27.Na4 Ne6 28.
Qd1 Bxf3 29.Qxf3 Bxe5 30.b6 Ng5 31.Qd5 f3 32.Kh1 Qe8 33.Nxc5 Bd6 34.Rxe7 
Qxe7 35.b7 Qe1 36.Kg1 Nxh3+ 0-1

[Event "19th EUR-ch"]
[Site "Batumi GEO"]
[Date "2018.03.28"]
[Round "11.16"]
[White "Kravtsiv, Martyn"]
[Black "Svane, Rasmus"]
[Result "1/2-1/2"]
[WhiteElo "2685"]
[BlackElo "2587"]
[EventDate "2018.03.17"]
[PlyCount "71"]

1.e4 c6 2.d4 d5 3.Nc3 dxe4 4.Nxe4 Bf5 5.Ng3 Bg6 6.h4 h6 7.Nf3 e6 8.Ne5 Bh7
9.Bd3 Bxd3 10.Qxd3 Nd7 11.Bf4 Nxe5 12.Bxe5 Qa5+ 13.c3 Nf6 14.O-O Nd7 15.
Rfd1 Nxe5 16.dxe5 Rd8 17.Qxd8+ Qxd8 18.Rxd8+ Kxd8 19.h5 Kc7 20.Kf1 Be7 21.
Rd1 Rd8 22.Rxd8 Kxd8 23.Ke2 Kd7 24.Kd3 f6 25.Ne2 Bc5 26.f3 fxe5 27.Ke4 Kd6
28.Nc1 Bf2 29.g4 Bg3 30.Nd3 c5 31.b3 b5 32.c4 b4 33.Ke3 Kc6 34.Ke4 Kd6 35.
Ke3 Kc6 36.Ke4 1/2-1/2

[Event "19th EUR-ch"]
[Site "Batumi GEO"]
[Date "2018.03.28"]
[Round "11.18"]
[White "Naer, Evgeny"]
[Black "Lomasov, Semen"]
[Result "1-0"]
[WhiteElo "2683"]
[BlackElo "2551"]
[EventDate "2018.03.17"]
[PlyCount "117"]

1.e4 e6 2.d4 d5 3.Nc3 Bb4 4.e5 c5 5.a3 Ba5 6.b4 cxd4 7.Qg4 Kf8 8.Nb5 Bb6 
9.Nf3 Nc6 10.Bb2 Nge7 11.Bd3 Ng6 12.Qg3 f6 13.Bxg6 hxg6 14.Nbxd4 Nxe5 15.
Nxe5 fxe5 16.Nf3 e4 17.Ne5 Kg8 18.Qxg6 Qf6 19.Qxf6 gxf6 20.Ng4 f5 21.Nf6+ 
Kf7 22.Nxd5 exd5 23.Bxh8 Bd7 24.Be5 Ke6 25.Bf4 Rc8 26.Rc1 Bd4 27.c3 Bxc3+ 
28.Bd2 Bxd2+ 29.Kxd2 Rg8 30.g3 d4 31.Rc4 Kd5 32.Rc7 Bc6 33.Rc1 f4 34.Rc5+ 
Ke6 35.Rh7 e3+ 36.fxe3 dxe3+ 37.Ke2 fxg3 38.hxg3 Rxg3 39.Rh6+ Kd7 40.b5 
Be4 41.Rf6 Ke7 42.Rh6 Kd7 43.Re5 Bc2 44.Rd5+ Ke7 45.Rc5 Bb3 46.b6 axb6 47.
Rxb6 Ba2 48.Rxb7+ Kd6 49.Rc3 Rg2+ 50.Kxe3 Rg3+ 51.Kd2 Rg2+ 52.Kc1 Rg1+ 53.
Kd2 Rg2+ 54.Ke1 Bd5 55.Rb4 Ra2 56.Rd4 Ke5 57.Rd2 Ra1+ 58.Rd1 Ra2 59.Rc5 
1-0